Vista normal
Vista MARC
Entrada Materia (personas)
Número de registros utilizados en: 2
001 - CONTROL NUMBER
- control field: 134960
003 - CONTROL NUMBER IDENTIFIER
- control field: Co-BoUCM
005 - DATE AND TIME OF LATEST TRANSACTION
- control field: 20211021072354.0
008 - FIXED-LENGTH DATA ELEMENTS
- fixed length control field: 211021|| aca||aabn | a|a d
040 ## - CATALOGING SOURCE
- Original cataloging agency: Co-BoUCM
- Transcribing agency: Co-BoUCM
100 ## - HEADING--PERSONAL NAME
- Personal name: Nuñez Varon, Jaidivi
670 ## - SOURCE DATA FOUND
- Source citation: Work cat.: (Co-BoUCM)56831: Nuñez Varon, Jaidivi, Estudio exploratorio de las expectativas frente al cáncer y a los tratamientos médicos de cirugía y radioterapia así como el establecimiento de la condición psicológica en mujeres con cáncer ginecológico, 1988